[Event "Dvorkovich Memorial Rapid 2018"]
[Site "Taganrog"]
[Date "2018.01.14"]
[Round "1.25"]
[White "Maraktanov, Andrey"]
[Black "Belyakov, Bogdan"]
[Result "0-1"]
[WhiteElo "1763"]
[BlackElo "2486"]
[Annotator "TA"]
[PlyCount "62"]
[EventDate "2018.??.??"]
[EventType "swiss"]
[EventCountry "RUS"]
[SourceTitle "playchess.com"]
[Source "ChessBase"]
[SourceQuality "1"]

{[%evp 13,61,40,47,-67,-67,-96,-60,-177,-172,-168,-145,-191,-148,-158,-145,-146,-150,-193,-183,-191,-191,-429,-287,-470,-459,-703,-695,-695,-710,-685,-654,-672,-664,-783,-646,-610,-466,-662,-680,-800,-791,-1433,-1387,-29973,-29974,-29997,-29998,-29998,-29999,-29999]} 1. d4 Nf6 2. c4 g6 3. Nc3 Bg7 4. e4 d6 5. Be2 O-O 6. Be3 c5 7. d5 e6 8. g4 {E73: King's Indian: Averbakh Variation without 6...c5} ({White should try} 8. Nf3 $14) (8. Nf3 exd5 9. cxd5 Bg4 10. Nd2 Bxe2 11. Qxe2 Re8 12. f3 Nbd7 13. a4 Qb6 14. Nc4 Qa6 15. Nb5 Ne5 16. Nbxd6 Nxc4 17. Nxc4 Nxd5 18. exd5 {½-½ (61) Buhmann,R (2584)-Fedorov,A (2573) Katowice 2017}) 8... exd5 $15 9. exd5 Re8 10. g5 $146 (10. h3 $15) ({Find the theoretical novelty and annotate with similar games:} 10. h3 Na6 11. Nf3 Nc7 12. a4 a6 13. Qd2 Rb8 14. O-O b5 15. axb5 axb5 16. cxb5 {0-1 (32) Primavera,G-Janosevic,D Bari 1970}) 10... Ne4 $19 11. Nxe4 Rxe4 12. Bd3 Rxe3+ 13. fxe3 Bxb2 14. Rb1 Bc3+ 15. Kf1 Qxg5 16. Qf3 Nd7 {Hoping for ...Ne5.} 17. Nh3 $2 (17. Qf4 Qd8 18. Nf3) 17... Qe7 {[#] ...Ne5 is the strong threat.} 18. Nf4 $2 (18. Nf2) 18... Ne5 19. Qg3 (19. Qe2 $142 Bg4 20. Qc2) 19... Nxd3 20. Nxd3 Qe4 21. Ke2 Bg4+ 22. Kf2 Bh5 23. Rbd1 Bxd1 24. Rxd1 Re8 25. Qf3 (25. Qf4 $142) 25... Qxc4 26. Nc1 Re5 27. Kg2 Rf5 28. Qe2 Qe4+ {Black mates.} 29. Kg1 Rg5+ 30. Kf1 Qh1+ 31. Kf2 Qg2# {Precision: White = 24%, Black = 87%.} 0-1

[Event "Dvorkovich Memorial Rapid 2018"]
[Site "Taganrog"]
[Date "2018.01.14"]
[Round "1.26"]
[White "Balashov, Yuri S"]
[Black "Borisov, Maxim S"]
[Result "1-0"]
[WhiteElo "2434"]
[BlackElo "1736"]
[Annotator "TA"]
[PlyCount "47"]
[EventDate "2018.??.??"]
[EventType "swiss"]
[EventCountry "RUS"]
[SourceTitle "playchess.com"]
[Source "ChessBase"]
[SourceQuality "1"]

{[%evp 18,47,36,37,50,50,43,44,53,43,47,0,0,0,0,0,0,0,0,0,16,5,43,27,65,59,54,51,206,206,29998,29999]} 1. Nf3 d5 2. d4 Nf6 3. c4 c6 4. e3 Bf5 5. Nc3 e6 6. Nh4 Bg6 7. Nxg6 hxg6 8. g3 {D12: Slav Defence: 3 Nf3 Nf6 4 e3 Bf5} (8. Bd2 Nbd7 9. Qb3 Rb8 10. cxd5 cxd5 11. Bd3 a6 12. e4 dxe4 13. Nxe4 Nxe4 14. Bxe4 Rh4 15. f4 Bd6 {½-½ (32) Krasenkow,M (2651)-Sasikiran,K (2677) Germany 2017}) 8... Be7 9. Qe2 Nbd7 10. Bg2 {LiveBook: 23 Games. White is slightly better.} a5 $146 ({Predecessor:} 10... O-O 11. O-O dxc4 12. Qxc4 e5 13. Rd1 Qc7 14. Qe2 exd4 15. exd4 Nb6 {½-½ (37) Mikhalchishin,A (2479)-Sieciechowicz,M (2387) Katowice 2017}) 11. O-O O-O 12. Rd1 Qb6 13. b3 Qa6 14. e4 {[%cal Re4d5]} Bb4 15. Bb2 Bxc3 16. Bxc3 Nxe4 17. Bxe4 dxe4 18. Qxe4 Nf6 19. Qf3 Rfd8 20. d5 $36 {[%mdl 2048] White has some pressure.} cxd5 21. Bxf6 gxf6 22. Qxf6 {Hoping for Rd4.} Rd7 $2 {[#]} ({Black should play} 22... a4 $14) 23. Rd4 $1 $18 {[%cal Rd4h4] Threatening mate with Rh4.} Rad8 $2 (23... e5 $18 24. Qxe5 a4) 24. Rh4 {Precision: White = 80%, Black = 33%.} 1-0

[Event "Dvorkovich Memorial Rapid 2018"]
[Site "Taganrog"]
[Date "2018.01.14"]
[Round "1.27"]
[White "Danchenko, Artemiy"]
[Black "Pogonina, Natalija"]
[Result "1/2-1/2"]
[WhiteElo "1836"]
[BlackElo "2478"]
[Annotator "TA"]
[PlyCount "79"]
[EventDate "2018.??.??"]
[EventType "swiss"]
[EventCountry "RUS"]
[SourceTitle "playchess.com"]
[Source "ChessBase"]
[SourceQuality "1"]

{[%evp 18,79,38,16,39,39,47,41,36,13,91,18,16,16,9,22,25,8,18,-1,0,-13,8,18,15,7,7,14,12,0,35,31,32,15,48,18,90,104,93,87,84,108,141,135,122,112,141,131,216,225,233,225,216,130,114,118,131,123,125,123,150,158,147,153]} 1. e4 e5 2. Nf3 Nc6 3. d4 exd4 4. Nxd4 Bc5 5. Nb3 Bb6 6. Nc3 Nf6 7. Bg5 {[%cal Bc1g5,Bg5h4,Bh4g3][%mdl 32]} h6 8. Bh4 d6 {C45: Scotch Game} 9. f3 g5 10. Bg3 {LiveBook: 4 Games} a6 {The position is equal.} 11. Qd2 Be6 12. O-O-O Qe7 13. h4 {[#]} Rg8 $146 (13... O-O-O $11) ({Predecessor:} 13... O-O-O 14. Kb1 Nd7 15. Bf2 Qf6 16. Bxb6 Nxb6 {0-1 (45) Dominguez Perez,L (2752)-Andreikin,D (2736) Novi Sad 2016}) 14. Kb1 (14. Na4 $16 Ba7 15. hxg5 hxg5 16. Qc3) 14... O-O-O $11 15. Nd5 Bxd5 $1 16. exd5 Ne5 17. hxg5 hxg5 18. Be2 Rde8 19. Rhe1 Kb8 20. Bxe5 dxe5 21. d6 cxd6 22. Qxd6+ Ka7 23. Bc4 Bc7 24. Qxe7 Rxe7 25. c3 Nh5 26. Nc5 Rd8 (26... g4 $11 {remains equal.}) 27. Rxd8 $16 Bxd8 28. Rd1 Bb6 29. Ne4 Be3 30. Nd6 Rc7 31. Bxf7 Nf4 32. g3 Nh3 (32... Ne2 $16) 33. Be6 $18 Nf2 34. Re1 Bc5 35. Ne4 Nxe4 36. Rxe4 ({Don't play} 36. fxe4 $6 Bf2 $14) 36... Bd6 37. g4 Rh7 38. Re2 Kb6 39. Bf5 Rh3 40. Be4 {Precision: White = 66%, Black = 33%.} 1/2-1/2

[Event "Dvorkovich Memorial Rapid 2018"]
[Site "Taganrog"]
[Date "2018.01.14"]
[Round "1.28"]
[White "Tunik, Gennady"]
[Black "Khuranov, Temir"]
[Result "1-0"]
[WhiteElo "2378"]
[BlackElo "1658"]
[Annotator "ChessBase"]
[PlyCount "137"]
[EventDate "2018.??.??"]
[EventType "swiss"]
[EventCountry "RUS"]
[SourceTitle "playchess.com"]
[Source "ChessBase"]
[SourceQuality "1"]
[TimeControl "900+10"]

1. d4 {[%emt 0:00:00]} d5 {[%emt 0:00:01]} 2. c4 {[%emt 0:00:00]} c6 {[%emt 0:00:00]} 3. Nf3 {[%emt 0:00:00]} Nf6 {[%emt 0:00:02]} 4. Nc3 {[%emt 0:00:00]} e6 {[%emt 0:00:02]} 5. e3 {[%emt 0:00:00]} Nbd7 {[%emt 0:00:02]} 6. Qc2 {[%emt 0:00:00]} Be7 {[%emt 0:00:12]} 7. Bd3 {[%emt 0:00:00]} O-O {[%emt 0:00:07]} 8. O-O {[%emt 0:00:02]} dxc4 {[%emt 0:00:09]} 9. Bxc4 {[%emt 0:00:00]} b5 {[%emt 0:00:04]} 10. Be2 {[%emt 0:00:02]} a6 {[%emt 0:00:04]} 11. e4 {[%emt 0:00:17]} Bb7 {[%emt 0:00:27]} 12. e5 {[%emt 0:00:04]} Nd5 {[%emt 0:00:05]} 13. Nxd5 {[%emt 0:00:10]} cxd5 {[%emt 0:00:02]} 14. Bf4 {[%emt 0:00:12]} Rc8 {[%emt 0:00:10]} 15. Qd3 {[%emt 0:00:48]} Qb6 {[%emt 0:01:08]} 16. Bg5 {[%emt 0:00:12]} Bxg5 {[%emt 0:01:17]} 17. Nxg5 {[%emt 0:00:00]} g6 {[%emt 0:00:02]} 18. Rfc1 {[%emt 0:00:43]} h6 {[%emt 0:01:17]} 19. Nf3 {[%emt 0:00:03]} Rc7 {[%emt 0:00:05]} 20. Rxc7 {[%emt 0:00:13]} Qxc7 {[%emt 0:00:04]} 21. Qd2 {[%emt 0:00:03]} Rc8 {[%emt 0:00:02]} 22. Qxh6 {[%emt 0:00:09]} Nf8 {[%emt 0:00:48]} 23. Bd3 {[%emt 0:00:11]} Qe7 {[%emt 0:03:56]} 24. h4 {[%emt 0:00:15]} Nh7 {[%emt 0:01:27]} 25. h5 {[%emt 0:00:18]} Qf8 {[%emt 0:00:03]} 26. Qf4 {[%emt 0:01:07]} gxh5 {[%emt 0:02:24]} 27. Ng5 {[%emt 0:00:06]} Nxg5 {[%emt 0:00:59]} 28. Qxg5+ {[%emt 0:00:00]} Qg7 {[%emt 0:00:02]} 29. Qxh5 {[%emt 0:00:02]} Kf8 {[%emt 0:00:44]} 30. Re1 {[%emt 0:02:36]} Ke7 {[%emt 0:00:36]} 31. Qh4+ {[%emt 0:00:12]} Kd7 {[%emt 0:00:10]} 32. Qf4 {[%emt 0:00:07]} Rh8 {[%emt 0:01:06]} 33. Re3 {[%emt 0:00:30]} Bc6 {[%emt 0:00:35]} 34. a3 {[%emt 0:01:21]} Ke7 {[%emt 0:00:54]} 35. Rg3 {[%emt 0:00:55]} Qh6 {[%emt 0:00:28]} 36. Qxh6 {[%emt 0:00:05]} Rxh6 {[%emt 0:00:01]} 37. Rh3 {[%emt 0:00:19]} Rxh3 {[%emt 0:00:15]} 38. gxh3 {[%emt 0:00:01]} Be8 {[%emt 0:00:07]} 39. f4 {[%emt 0:00:06]} f6 {[%emt 0:00:04]} 40. Kf2 {[%emt 0:00:05]} Bh5 {[%emt 0:00:20]} 41. Ke3 {[%emt 0:00:05]} f5 {[%emt 0:00:25]} 42. Kd2 {[%emt 0:00:06]} Kd7 {[%emt 0:00:03]} 43. a4 {[%emt 0:00:21]} Kc6 {[%emt 0:00:31]} 44. Kc3 {[%emt 0:00:04]} Kb6 {[%emt 0:00:16]} 45. axb5 {[%emt 0:00:03]} axb5 {[%emt 0:00:02]} 46. Kb4 {[%emt 0:00:01]} Be8 {[%emt 0:00:16]} 47. Be2 {[%emt 0:00:03]} Bd7 {[%emt 0:00:06]} 48. h4 {[%emt 0:00:02]} Be8 {[%emt 0:00:06]} 49. h5 {[%emt 0:00:01]} Bf7 {[%emt 0:00:30]} 50. h6 {[%emt 0:00:02]} Bg6 {[%emt 0:00:01]} 51. Bxb5 {[%emt 0:00:02]} Bh7 {[%emt 0:00:04]} 52. Be8 {[%emt 0:00:03]} Kc7 {[%emt 0:00:14]} 53. Kc5 {[%emt 0:00:02]} Kd8 {[%emt 0:00:17]} 54. Bh5 {[%emt 0:00:01]} Kc7 {[%emt 0:00:34]} 55. Bf7 {[%emt 0:00:03]} Kd7 {[%emt 0:00:03]} 56. b4 {[%emt 0:00:02]} Ke7 {[%emt 0:00:10]} 57. Bh5 {[%emt 0:00:02]} Kd7 {[%emt 0:00:02]} 58. b5 {[%emt 0:00:01]} Kc7 {[%emt 0:00:28]} 59. b6+ {[%emt 0:00:03]} Kb7 {[%emt 0:00:03]} 60. Bf7 {[%emt 0:00:01]} Kb8 {[%emt 0:00:04]} 61. Bxe6 {[%emt 0:00:03]} Kb7 {[%emt 0:00:03]} 62. Bxd5+ {[%emt 0:00:01]} Kb8 {[%emt 0:00:02]} 63. Bf7 {[%emt 0:00:02]} Kb7 {[%emt 0:00:02]} 64. d5 {[%emt 0:00:01]} Kb8 {[%emt 0:00:02]} 65. Kc6 {[%emt 0:00:02]} Kc8 {[%emt 0:00:02]} 66. d6 {[%emt 0:00:02]} Kd8 {[%emt 0:00:06]} 67. e6 {[%emt 0:00:02]} Kc8 {[%emt 0:00:15]} 68. e7 {[%emt 0:00:01]} Bg6 {[%emt 0:00:02]} 69. e8=Q# {[%emt 0:00:03]} 1-0

[Event "Dvorkovich Memorial Rapid 2018"]
[Site "Taganrog"]
[Date "2018.01.14"]
[Round "1.29"]
[White "Tyurin, Artem"]
[Black "Matjushin, Gennady"]
[Result "0-1"]
[WhiteElo "1820"]
[BlackElo "2417"]
[Annotator "TA"]
[PlyCount "88"]
[EventDate "2018.??.??"]
[EventType "swiss"]
[EventCountry "RUS"]
[SourceTitle "playchess.com"]
[Source "ChessBase"]
[SourceQuality "1"]

{[%evp 9,88,32,38,31,38,0,55,33,43,-69,-77,-112,-113,-153,-152,-165,-135,-208,-141,-180,-190,-246,-150,-198,-182,-243,-201,-209,-201,-253,-244,-247,-243,-278,-279,-285,-223,-246,-237,-256,-242,-296,-210,-487,-475,-465,-473,-464,-445,-468,-488,-484,-392,-380,-379,-364,-378,-382,-282,-270,-268,-268,-104,-451,-421,-471,-453,-468,-479,-458,-455,-448,-383,-380,-358,-495,-495,-536,-520,-29987,-29988]} 1. e4 d6 2. d4 {[%cal Bd2d4,Bd4d5][%mdl 32]} Nf6 3. Nc3 Nc6 4. g3 (4. Nf3 g6 5. Be3 Bg7 6. Qd2 O-O 7. O-O-O a6 8. Bh6 b5 9. Bxg7 Kxg7 10. Qe1 e6 11. e5 Nd5 12. h4 h6 13. g3 Ncb4 14. Nxd5 Nxd5 15. Bg2 Bb7 16. Nh2 {0-1 (62) Berkes,F (2640)-Kadric,D (2562) Paracin 2016}) 4... e5 5. d5 Ne7 6. Bg5 $146 {B00: Queen's Fianchetto Defence, Nimzowitsch Defence} ({Predecessor:} 6. Bg2 g6 7. Nge2 Bg7 8. O-O O-O 9. h3 c6 10. dxc6 bxc6 11. Be3 Ba6 12. Qd2 Qb8 13. b3 Rd8 14. Na4 d5 15. Nc5 dxe4 16. Qe1 Bxe2 17. Qxe2 {0-1 (74) Gvetadze,S (2301)-Bojkovic,N (2424) Antalya 2002}) 6... a6 7. a4 Ng6 (7... h6 $11 8. Bxf6 gxf6) 8. Bg2 {White is slightly better.} Be7 9. h3 {[#]} (9. h4 $14) 9... Nxd5 $1 $15 {[%mdl 512]} 10. Nxd5 {Be3 is the strong threat.} Bxg5 11. Ne2 c6 12. Ndc3 Be7 13. O-O (13. Qd3 $17) 13... a5 14. Kh2 O-O 15. h4 (15. Qd2 {might work better.}) 15... Re8 16. h5 Nf8 {[%cal Bg6f8,Bf8e6,Be6c5][%mdl 32]} 17. f4 (17. Bh3 {keeps fighting.}) 17... Ne6 18. f5 Nc5 19. h6 g6 20. Ng1 Bg5 21. Nh3 Bxh6 22. Qf3 gxf5 23. exf5 Qf6 24. Qh5 Kh8 25. Nf2 Qg5 26. Qxf7 $2 (26. Qxg5 Bxg5 27. Nfe4 Nxe4 28. Nxe4) 26... Re7 $19 {[%cal Be8e7,Be7g7,Bg7g5][%mdl 32]} 27. Qc4 Bxf5 28. Nh3 Qg6 ({Weaker is} 28... Bxh3 29. Bxh3 Rg8 30. Ne2 $19) 29. Rae1 Rg7 30. Qh4 Bg5 31. Qxg5 Qxg5 32. Nxg5 Rxg5 33. Rd1 d5 34. Nxd5 cxd5 35. Rxd5 Ne4 $2 {[#]} ({Not} 35... Bxc2 36. Rxc5 Bxa4 37. Ra1 $15) (35... Nxa4 $19 {has better winning chances.} 36. Rxe5 Rh5+ 37. Kg1 Bg4 38. Rxh5 Bxh5) 36. Rxe5 $2 {[%mdl 8192]} (36. Rxf5 $1 $17 {[%mdl 512] nothing else works.} Rxf5 37. Bxe4) 36... Nxg3 37. Rf3 Rag8 38. Bh3 Rh5 39. Rxg3 Rxg3 40. Kxg3 Rxh3+ {KRB-KR} 41. Kg2 Rh5 {White must now prevent ...Bh3+.} 42. Re8+ Kg7 43. Re7+ Kf6 44. Rxb7 (44. Rc7 $19) 44... Be4+ {Precision: White = 30%, Black = 45%.} 0-1

[Event "Dvorkovich Memorial Rapid 2018"]
[Site "Taganrog"]
[Date "2018.01.14"]
[Round "2.1"]
[White "Savchenko, Boris"]
[Black "Anikonov, Dmitry"]
[Result "1-0"]
[WhiteElo "2566"]
[BlackElo "2407"]
[Annotator "TA"]
[PlyCount "65"]
[EventDate "2018.??.??"]
[EventType "swiss"]
[EventCountry "RUS"]
[SourceTitle "playchess.com"]
[Source "ChessBase"]
[SourceQuality "1"]

{[%evp 19,65,28,37,-57,-34,-48,-37,-47,-55,-101,-99,-93,-18,-88,-60,-49,103,70,175,144,207,200,183,182,272,277,271,280,269,252,537,421,428,412,618,594,947,454,445,452,782,941,1053,1045,1029,1021,29997,29998]} 1. e4 e6 2. d4 d5 3. Nc3 Bb4 4. e5 Ne7 5. a3 Bxc3+ 6. bxc3 c5 7. Qg4 Qc7 8. Qxg7 Rg8 9. Qxh7 cxd4 10. Ne2 Nbc6 11. Qd3 {C18: French: 3 Nc3 Bb4: Main line: 7 h4 and 7 Qg4} ({White should try} 11. f4 $14) (11. f4 Bd7 12. Qd3 dxc3 13. Qxc3 O-O-O 14. Rb1 d4 15. Qc4 Nf5 16. g3 Na5 17. Qxc7+ Kxc7 18. Bg2 Bc6 19. Kf2 Nc4 20. Rb4 b5 21. Bxc6 Kxc6 22. a4 a6 23. axb5+ axb5 {1-0 (51) Leko,P (2679)-Pichot,A (2565) Douglas 2017}) 11... Nxe5 $15 12. Qxd4 Nf5 {[%cal Be7f5,Bf5d6,Bd6c4][%mdl 32]} 13. Qd2 $146 {Black is slightly better.} ({Predecessor:} 13. Qa4+ Bd7 14. Qb3 Nc4 15. a4 Nh4 16. g3 Nf3+ 17. Kd1 O-O-O 18. Bb2 Nfd2 {0-1 (28) Otgonbat,C (2119)-Sharavdorj,D (2427) Ulaanbaatar 2002}) 13... Bd7 {[%mdl 1024] Black has compensation.} 14. Nd4 Nd6 $1 {[%cal Rd6e4] Strongly threatening ...Ne4.} 15. f3 Rc8 (15... Nec4 $17 16. Bxc4 Qxc4) 16. Kd1 (16. Rb1 $11 {keeps the balance.}) 16... Ndc4 (16... Qxc3 17. Qxc3 Rxc3 18. h4 $11) 17. Qe1 Qa5 $2 (17... Qb6 $15) 18. h4 {[%cal Bh2h4,Bh4h5,Bh5h6][%mdl 32]} Ba4 (18... Nc6 $14) 19. Rb1 $18 b6 (19... Qc7 $16 {keeps fighting.}) 20. Rb4 Nc6 21. Nxc6 $1 ({Worse is} 21. Bxc4 dxc4 22. Nxc6 (22. Rxc4 Bxc2+ 23. Kxc2 Nxd4+ 24. Rxd4 Rxg2+ 25. Kb1 Qb5+ 26. Ka1 Qb3 $16) 22... Bxc6 $11) 21... Rxc6 (21... Bxc6 {was called for.} 22. h5 Qc5) 22. h5 b5 23. h6 Qc7 {[#]} 24. Bg5 $1 {[%cal Rg5f6][%mdl 512]} f6 $2 ({Avoid the trap} 24... Rxg5 $2 25. h7 $18) (24... e5 25. h7 Rh8) 25. Bxf6 {aiming for h7.} Qh7 {[%csl Ga4][%cal Rh7c2]} 26. Qf2 Bxc2+ (26... e5 $142 27. Bg7 Rxg7 28. hxg7 Qxg7 29. Bxc4 dxc4) 27. Kc1 Ba4 {[#] If Black can now play ...Rg6 this consolidates a bit.} 28. Rxa4 (28. Bd3 $142 $1 {[%mdl 512]} Qxd3 29. h7) 28... bxa4 29. Qc2 ({Not} 29. Bxc4 Rxc4 30. Qb2 Rg6 $16) 29... Rg6 (29... Qxc2+ $142 30. Kxc2 Kf7) 30. Qxa4 Kd7 31. Bxc4 Rxh6 32. Qxa7+ Rc7 33. Bb5+ {Precision: White = 59%, Black = 33%.} 1-0

[Event "Dvorkovich Memorial Rapid 2018"]
[Site "Taganrog"]
[Date "2018.01.14"]
[Round "2.2"]
[White "Ivlev, Aleksey"]
[Black "Sjugirov, Sanan"]
[Result "0-1"]
[WhiteElo "2300"]
[BlackElo "2652"]
[Annotator "TA"]
[PlyCount "67"]
[EventDate "2018.??.??"]
[EventType "swiss"]
[EventCountry "RUS"]
[SourceTitle "playchess.com"]
[Source "ChessBase"]
[SourceQuality "1"]

{[%evp 18,67,10,0,13,11,8,-31,8,0,8,-17,0,-15,-8,-25,-14,-22,-7,-34,-11,-34,-14,-28,-19,-50,-13,-149,-153,-242,-231,-220,-218,-307,-325,-291,-304,-583,-262,-267,-267,-341,-307,-307,-304,-368,-367,-354,-289,-305,-325,-315]} 1. d4 Nf6 2. c4 e6 3. Nf3 d5 4. g3 Bb4+ 5. Bd2 {[%cal Bc1d2,Bd2c3,Bc3b2][%mdl 32]} Be7 6. Bg2 O-O 7. O-O Nbd7 8. Qc2 c6 9. b3 b6 10. Bc3 Ne4 {E11: Bogo-Indian} 11. Bb2 Bb7 12. cxd5 $146 ({Predecessor:} 12. Nfd2 Nxd2 13. Nxd2 Rc8 14. e4 c5 15. exd5 exd5 16. Rad1 cxd4 17. Bxd4 Qc7 18. Qf5 dxc4 19. Bxb7 Qxb7 20. Nxc4 {½-½ (30) Papaioannou,I (2631)-Ghaem Maghami,E (2566) Baku 2016}) 12... exd5 {Black is slightly better.} 13. Nbd2 f5 14. Ne1 Bd6 15. Nd3 Qe7 16. Nf3 c5 17. dxc5 bxc5 18. e3 Rac8 19. Rad1 Nb6 {[%cal Bd7b6,Bb6d5,Bd5c3,Bc3d1][%mdl 32]} 20. Nf4 d4 21. Qe2 Rfe8 22. exd4 (22. Rfe1 $11) 22... Bxf4 $1 $17 23. gxf4 (23. dxc5 $17 Qxc5 24. gxf4) 23... Nd5 $19 24. Bc1 {[#]} Ndc3 $1 {[%csl LRd1,LRe2][%cal Rc3e2]} 25. Qb2 (25. Qc4+ $142 Bd5 26. Qa6 Nxd1 27. Rxd1) 25... Nxd1 26. Rxd1 cxd4 {White must now prevent ...Nc3.} 27. Rxd4 $2 {[#]} (27. Ne5 Qh4 28. b4) 27... Nf6 (27... Nxf2 $142 $1 {[%mdl 512]} 28. Kxf2 (28. Qxf2 Rxc1+) 28... Bxf3 29. Bxf3 Qe1+ 30. Kg2 Rxc1) 28. Rd1 Be4 29. Qa3 Qxa3 30. Bxa3 Red8 31. Rxd8+ Rxd8 32. Ne5 Rd1+ 33. Bf1 Ng4 34. f3 {Precision: White = 44%, Black = 57%.} 0-1

[Event "Dvorkovich Memorial Rapid 2018"]
[Site "Taganrog"]
[Date "2018.01.14"]
[Round "2.3"]
[White "Kokarev, Dmitry"]
[Black "Musalov, Ruslan"]
[Result "1-0"]
[WhiteElo "2616"]
[BlackElo "2338"]
[Annotator "TA"]
[PlyCount "69"]
[EventDate "2018.??.??"]
[EventType "swiss"]
[EventCountry "RUS"]
[SourceTitle "playchess.com"]
[Source "ChessBase"]
[SourceQuality "1"]

{[%evp 20,69,36,38,52,48,45,14,39,38,53,45,68,61,79,66,66,47,53,58,93,70,101,66,110,68,84,49,52,0,67,78,78,52,59,45,61,43,42,54,101,104,92,100,91,88,90,66,144,56,73,47]} 1. e4 e5 2. Nf3 Nc6 3. Bb5 Nf6 4. d3 d6 5. O-O a6 6. Bxc6+ bxc6 7. d4 exd4 8. Nxd4 Bd7 9. Nc3 Be7 10. h3 {C84: Closed Ruy Lopez: Unusual White 6th moves} O-O 11. Qf3 {LiveBook: 3 Games} Rb8 $146 ({Predecessor:} 11... Re8 12. Re1 c5 13. Nf5 Bxf5 14. Qxf5 Rb8 15. b3 Nd7 16. Nd5 Bf6 17. Rb1 Re6 18. Bd2 c6 19. Nxf6+ Qxf6 20. Qxf6 Nxf6 {1-0 (46) Gabuzyan,H (2585)-Petrosyan,M (2550) Yerevan 2017}) 12. b3 {White is slightly better.} Re8 13. Bf4 c5 14. Nf5 Bxf5 15. exf5 Qc8 16. g4 h6 17. Rfe1 Qb7 18. Kg2 Qxf3+ 19. Kxf3 Kf8 20. Rad1 Bd8 21. Re3 Rb4 22. Bg3 Rb7 23. Na4 Nd7 24. Nc3 (24. Rde1 $14 Rxe3+ 25. Kxe3) 24... Bg5 (24... Nf6 $1 $11) 25. Rxe8+ $14 Kxe8 26. Nd5 Nb6 27. f6 Nxd5 28. fxg7 Nf6 {[#] ...Ng8 is the strong threat.} 29. h4 Kd7 30. hxg5 hxg5 31. Rd5 {Threatens to win with Rf5.} Rb8 32. Rxg5 Rg8 33. Bf4 Nh7 {[#]} (33... Ne8 $14) 34. Rd5 ({Better is} 34. Rf5 $1 $16 {[%cal Rf5f7]} Ke6 35. Bh6) 34... Ke6 35. Rd1 {Precision: White = 36%, Black = 42%.} 1-0

[Event "Dvorkovich Memorial Rapid 2018"]
[Site "Taganrog"]
[Date "2018.01.14"]
[Round "2.4"]
[White "Bykov, Egor"]
[Black "Volkov, Sergey"]
[Result "0-1"]
[WhiteElo "2346"]
[BlackElo "2627"]
[Annotator "TA"]
[PlyCount "88"]
[EventDate "2018.??.??"]
[EventType "swiss"]
[EventCountry "RUS"]
[SourceTitle "playchess.com"]
[Source "ChessBase"]
[SourceQuality "1"]

{[%evp 22,88,34,21,43,0,0,0,0,-12,17,5,12,13,22,22,30,-12,0,0,0,0,0,-6,0,-9,-8,-16,-18,-19,-18,-16,-15,-156,-153,-136,-122,-235,-221,-235,-196,-144,-97,-114,-125,-150,-80,-263,-240,-892,-890,-1025,-1023,-1009,-1000,-949,-908,-880,-458,-460,-451,-433,-423,-438,-416,-667,-666,-29997,-29998]} 1. d4 d5 2. c4 c6 3. Nf3 Nf6 4. e3 Bf5 5. Nc3 e6 6. Nh4 Bg6 7. Nxg6 hxg6 8. Bd3 Nbd7 {D12: Slav Defence: 3 Nf3 Nf6 4 e3 Bf5} 9. O-O Bd6 10. h3 O-O 11. Qc2 Qe7 12. Rd1 {LiveBook: 3 Games} Rac8 13. e4 $146 {Strongly threatening e5.} ({Predecessor:} 13. c5 Bb8 14. f4 Ne8 15. Rb1 g5 16. b4 {½-½ (63) Gelfand,B (2727)-Anand,V (2791) Moscow 2012}) 13... e5 14. Be3 {[%cal Rc4d5]} exd4 15. Bxd4 {[%cal Rc4d5]} Be5 (15... dxc4 {seems wilder.} 16. Bxc4 b5 17. Bb3 a5 18. a3 Rfd8) 16. Bxe5 Qxe5 17. exd5 cxd5 18. cxd5 Nxd5 19. Bxg6 Nxc3 20. bxc3 Rxc3 21. Bh7+ Kh8 22. Qa4 Nf6 (22... Nc5 $5 23. Qh4 $8 g5 $11) 23. Bc2 b5 24. Qh4+ Kg8 25. Re1 Qc5 26. Bb3 a5 {[%cal Ba7a5,Ba5a4][%mdl 32]} 27. Rab1 (27. Qf4 $11) 27... a4 $17 28. Bd1 Rc4 $1 {[%cal Rc4h4]} 29. g4 (29. Qg3 $17 {was necessary.}) 29... Ne4 $19 30. Rb2 Ng5 31. Qg3 Rc3 32. Re3 Rc1 33. Rd3 {[#]} Re8 ({Black should try} 33... Ne4 $1 {[%cal Re4g3]} 34. Qf3 Nc3) 34. h4 $2 (34. Kg2 $17) 34... Qc6 $40 {[%mdl 128] Black wants a kill.} 35. Kh2 $2 {[#]} (35. f4 Qf6 36. Rg2) 35... Re1 $1 {[%csl Gc6][%cal Re1h1]} ({Not} 35... a3 36. Rbd2 $15) 36. Rd8+ Kh7 {[%csl Gc6][%cal Re1h1]} 37. Qd3+ g6 38. Qd5 Qc7+ 39. Qd6 Qxd6+ 40. Rxd6 Ne4 ({Weaker is} 40... Rcxd1 41. Rxd1 Rxd1 42. hxg5 $17) 41. Rd7 Rcxd1 ({But not} 41... Rexd1 42. Rxf7+ Kg8 43. Ra7 $19) 42. Rxf7+ Kg8 43. Rf4 (43. Rc7 $142 Rh1+ 44. Kg2) 43... Nc3 {( -> ...Rh1+)} 44. Rc2 Rh1+ {Precision: White = 33%, Black = 63%.} 0-1